| 000 | 00530nam a2200181 a 4500 | ||
|---|---|---|---|
| 001 | 000042703 | ||
| 005 | 20201002040332.0 | ||
| 008 | 140205s1995 sp ac 000 0 spa d | ||
| 020 | _a848068030X | ||
| 040 |
_aDO-SdBNP _bspa _cBNPHU |
||
| 082 |
_axxx _bP688R |
||
| 100 | 1 |
_aKelsey, Robert _970014 |
|
| 245 | 1 | 0 |
_aBrad Pitt / _cRobert Kelsey; Mikel Turner. |
| 260 |
_aMadrid : _bNuer Ediciones, _c1995. |
||
| 300 |
_a96 p. : _bil., retrs. ; _c24 cm. |
||
| 500 | _aAutor en portada: Mikel Turner | ||
| 504 | _aBibliografía : p. 90-96 | ||
| 999 |
_c42192 _d42192 |
||